Sports Quiz

Random Sports or NBA Quiz

Nanis favorite nba players Quiz Stats

 Plays Quiz not verified by Sporcle

Score 0/20 Timer 10:00
0 Plays Today
Hint Answer % Correct
trail blazersdamian lillard
83.3%
sixersjimmy butler
58.3%
jazzrudy gobert
58.3%
sixerstobias harris
50%
jazzjoe ingles
50%
trail blazersenes kanter
41.7%
netsjarret allen
41.7%
grizzliesmike conley
41.7%
celticsgordon hayward
33.3%
netsdeangelo russell
33.3%
Hint Answer % Correct
pelicansjrue holiday
33.3%
heatdwayne wade
25%
raptorskyle lowry
25%
jazzdonavan mitchell
16.7%
trail blazersseth curry
16.7%
jazzroyce oneal
16.7%
sunsjimmer freddette
8.3%
trail blazerscj mcollum
8.3%
rocketseric gorden
0%
0%

You're not logged in!

Compare scores with friends on all Sporcle quizzes.
OR
Log In

Show Comments

Extras

Created May 16, 2019ReportNominate
Tags:NBA Quiz, favorite, player

Top Quizzes Today


Score Distribution

Your Account Isn't Verified!

In order to create a playlist on Sporcle, you need to verify the email address you used during registration. Go to your Sporcle Settings to finish the process.

Report this User

Report this user for behavior that violates our Community Guidelines.

Details: